|
|
|
|
| LEADER |
00000nas a2200000 a 4500 |
| 001 |
ssj0009874 |
| 003 |
WaSeSS |
| 005 |
20200512172242.0 |
| 006 |
m d |
| 007 |
cr n |
| 008 |
000602c19679999nyumr pss 0 a0eng c |
| 010 |
|
|
|a 2004233188
|
| 015 |
|
|
|a 17,O11
|2 dnb
|
| 016 |
7 |
|
|a 019614403
|2 DE-101
|
| 016 |
7 |
|
|a 1468244-8
|2 DE-600
|
| 016 |
7 |
|
|a 012434048
|2 Uk
|
| 022 |
|
|
|a 1573-2878
|l 0022-3239
|y 0022-3239
|
| 035 |
|
|
|a (WaSeSS)ssj0009874
|
| 040 |
|
|
|a F#A
|b eng
|e pn
|c F#A
|d OCLCQ
|d GUA
|d OCLCQ
|d OCL
|d NSD
|d OCLCQ
|d BUF
|d OCLCF
|d OCLCO
|d OCLCQ
|d OCLCO
|d OCLCQ
|d SHS
|d UKMGB
|d DEBBG
|d GWDNB
|d OCLCQ
|d AU@
|d DLC
|d WaSeSS
|
| 042 |
|
|
|a pcc
|a nsdp
|
| 050 |
0 |
0 |
|a QA402.5
|
| 082 |
0 |
4 |
|a 519.3
|
| 130 |
0 |
|
|a Journal of optimization theory and applications (Online)
|
| 210 |
0 |
|
|a J. optim. theory appl.
|b (Dordr., Online)
|
| 222 |
|
0 |
|a Journal of optimization theory and applications
|b (Dordrecht. Online)
|
| 245 |
1 |
0 |
|a Journal of optimization theory and applications
|h [electronic resource].
|
| 260 |
|
|
|3 -Oct. 2004 :
|a New York :
|b Kluwer Academic/Plenum Publishers
|
| 260 |
3 |
|
|3 Nov. 2004- :
|a [New York] :
|b Springer US
|
| 310 |
|
|
|a Monthly
|
| 362 |
1 |
|
|a Print began with v. 1 (July 1967).
|
| 506 |
|
|
|a License restrictions may limit access.
|
| 538 |
|
|
|a Mode of access: World Wide Web.
|
| 588 |
|
|
|a Description based on: Vol. 92, issue 1 (Jan. 1997); title from contents screen (publisher's Web site, viewed Feb. 3, 2004).
|
| 588 |
|
|
|a Latest issue consulted: Vol. 183, issue 1 (Oct. 2019) (Springer Link, viewed Aug. 26, 2019).
|
| 650 |
|
0 |
|a Mathematical optimization
|v Periodicals.
|
| 650 |
|
7 |
|a Mathematical optimization.
|2 fast
|0 (OCoLC)fst01012099
|
| 655 |
|
0 |
|a Electronic journals.
|
| 776 |
0 |
8 |
|i Print version:
|t Journal of optimization theory and applications
|x 0022-3239
|w (DLC)sf 78000575
|w (OCoLC)1754705
|
| 850 |
|
|
|a DLC
|
| 856 |
4 |
0 |
|z Full text available from Research Library: 01/01/1997 to 1 year ago
|u https://search.proquest.com/publication/48247
|